00586 a2200169 4500003000400000005001700004008004100021020001500062040000900077082001900086100003100105245005200136260003900188942004400227952012800271999001700399OSt20231218122328.0231218b |||||||| |||| 00| 0 eng d a8170550785 coclc a891.433bCHO/T aChoudhary, Rajkamal910160 aTAASH KE PATTON KA SHAHAR /cRajkamal Choudhary aNew Delhi:bVani Prakashan,c2001. 2ddccBKh891.433iCHO/Tk891.433mCHO/T 00102ddc40708FICaMESbMEScHINd2023-12-18l0o891.433 CHO/Tp43094r2023-12-18 12:23:15v95.00w2023-12-18yBKzGR7R1 c43460d43460